[Event "DEM U14w 2021"]
[Site "Willingen GER"]
[Date "2021.08.26"]
[Round "6"]
[White "Marrufo, Emilia"]
[Black "Malmström, Eva"]
[Result "1-0"]
[Termination "normal"]
[Board "13"]
[WhiteElo "1020"]
[BlackElo "1348"]
[WhiteClock "01:03:58"]
[BlackClock "00:53:19"]
[PlyCount "107"]
[WhiteFideId "16287363"]
[BlackFideId "34607072"]
[EventCountry "GER"]
[EventRounds "9"]
[EventType "swiss"]
[EventDate "2021.08.22"]

1. e4 {[%clk 01:30:56]} {[%emt 00:00:02]} e5 {[%clk 01:30:42]} {[%emt
00:00:19]} 2. Nf3 {[%clk 01:31:13]} {[%emt 00:00:13]} Nf6 {[%clk 01:31:00]}
{[%emt 00:00:12]} 3. Nxe5 {[%clk 01:30:51]} {[%emt 00:00:51]} d6 {[%clk
01:30:59]} {[%emt 00:00:32]} 4. Nf3 {[%clk 01:30:53]} {[%emt 00:00:28]} Nxe4
{[%clk 01:30:50]} {[%emt 00:00:39]} 5. d3 {[%clk 01:30:55]} {[%emt 00:00:28]}
Nf6 {[%clk 01:30:45]} {[%emt 00:00:34]} 6. d4 {[%clk 01:30:40]} {[%emt
00:00:46]} g6 {[%clk 01:28:35]} {[%emt 00:02:40]} 7. Bd3 {[%clk 01:30:50]}
{[%emt 00:00:20]} Bg7 {[%clk 01:28:21]} {[%emt 00:00:43]} 8. O-O {[%clk
01:28:23]} {[%emt 00:02:58]} O-O {[%clk 01:27:30]} {[%emt 00:01:20]} 9. Bg5
{[%clk 01:27:41]} {[%emt 00:01:12]} Nc6 {[%clk 01:26:54]} {[%emt 00:01:07]} 10.
c3 {[%clk 01:27:55]} {[%emt 00:00:16]} Bg4 {[%clk 01:26:02]} {[%emt 00:01:20]}
11. Nbd2 {[%clk 01:27:54]} {[%emt 00:00:32]} Qd7 {[%clk 01:25:51]} {[%emt
00:00:42]} 12. Qe1 {[%clk 01:26:35]} {[%emt 00:01:50]} Rfe8 {[%clk 01:25:33]}
{[%emt 00:00:46]} 13. Qd1 {[%clk 01:25:18]} {[%emt 00:01:47]} a6 {[%clk
01:24:12]} {[%emt 00:01:52]} 14. Qb3 {[%clk 01:24:58]} {[%emt 00:00:50]} Be6
{[%clk 01:17:18]} {[%emt 00:07:24]} 15. Qc2 {[%clk 01:23:44]} {[%emt 00:01:40]}
b5 {[%clk 01:17:00]} {[%emt 00:00:51]} 16. Rae1 {[%clk 01:22:27]} {[%emt
00:01:47]} Bd5 {[%clk 01:14:43]} {[%emt 00:02:47]} 17. Rxe8+ {[%clk 01:20:54]}
{[%emt 00:02:04]} Rxe8 {[%clk 01:15:05]} {[%emt 00:00:08]} 18. b3 {[%clk
01:19:47]} {[%emt 00:01:37]} Nh5 {[%clk 01:09:44]} {[%emt 00:05:50]} 19. c4
{[%clk 01:17:48]} {[%emt 00:02:30]} Nb4 {[%clk 01:08:47]} {[%emt 00:01:27]} 20.
Qb1 {[%clk 01:12:44]} {[%emt 00:05:31]} bxc4 {[%clk 01:07:16]} {[%emt
00:02:03]} 21. Bxc4 {[%clk 01:12:19]} {[%emt 00:00:55]} Qc6 {[%clk 01:05:20]}
{[%emt 00:02:26]} 22. Re1 {[%clk 01:07:50]} {[%emt 00:04:59]} Rxe1+ {[%clk
01:01:38]} {[%emt 00:04:13]} 23. Qxe1 {[%clk 01:07:54]} {[%emt 00:00:26]} Nxa2
{[%clk 01:01:18]} {[%emt 00:00:50]} 24. Qe7 {[%clk 01:06:09]} {[%emt 00:02:15]}
Bxc4 {[%clk 01:00:30]} {[%emt 00:01:18]} 25. Qd8+ {[%clk 01:06:07]} {[%emt
00:00:30]} Bf8 {[%clk 01:00:00]} {[%emt 00:01:01]} 26. Be7 {[%clk 01:06:09]}
{[%emt 00:00:29]} h6 {[%clk 00:57:25]} {[%emt 00:03:05]} 27. Qxf8+ {[%clk
01:06:13]} {[%emt 00:00:25]} Kh7 {[%clk 00:57:42]} {[%emt 00:00:13]} 28. bxc4
{[%clk 01:06:04]} {[%emt 00:00:40]} Qd7 {[%clk 00:55:08]} {[%emt 00:03:03]} 29.
Qxf7+ {[%clk 01:05:57]} {[%emt 00:00:37]} Ng7 {[%clk 00:55:17]} {[%emt
00:00:21]} 30. Nh4 {[%clk 01:02:42]} {[%emt 00:03:41]} g5 {[%clk 00:53:40]}
{[%emt 00:02:12]} 31. Ng6 {[%clk 01:01:25]} {[%emt 00:01:45]} Qf5 {[%clk
00:52:15]} {[%emt 00:01:57]} 32. Nf8+ {[%clk 01:01:08]} {[%emt 00:00:46]} Kh8
{[%clk 00:52:12]} {[%emt 00:00:32]} 33. Bf6 {[%clk 01:01:29]} {[%emt 00:00:10]}
Qxf6 {[%clk 00:50:23]} {[%emt 00:02:19]} 34. Qxf6 {[%clk 01:01:38]} {[%emt
00:00:22]} Kg8 {[%clk 00:50:36]} {[%emt 00:00:17]} 35. c5 {[%clk 01:00:26]}
{[%emt 00:01:43]} Ne8 {[%clk 00:50:23]} {[%emt 00:00:42]} 36. Qe6+ {[%clk
01:00:28]} {[%emt 00:00:25]} Kxf8 {[%clk 00:50:46]} {[%emt 00:00:10]} 37. Qxa2
{[%clk 01:00:50]} {[%emt 00:00:06]} dxc5 {[%clk 00:50:53]} {[%emt 00:00:25]}
38. dxc5 {[%clk 01:01:07]} {[%emt 00:00:12]} Ke7 {[%clk 00:50:50]} {[%emt
00:00:34]} 39. Qxa6 {[%clk 01:01:18]} {[%emt 00:00:19]} Kd7 {[%clk 00:50:39]}
{[%emt 00:00:41]} 40. Qxh6 {[%clk 01:01:38]} {[%emt 00:00:10]} g4 {[%clk
00:50:55]} {[%emt 00:00:14]} 41. f4 {[%clk 01:01:34]} {[%emt 00:00:33]} gxf3
{[%clk 00:50:59]} {[%emt 00:00:27]} 42. gxf3 {[%clk 01:01:50]} {[%emt
00:00:14]} c6 {[%clk 00:51:04]} {[%emt 00:00:25]} 43. f4 {[%clk 01:02:08]}
{[%emt 00:00:12]} Ke7 {[%clk 00:51:21]} {[%emt 00:00:12]} 44. f5 {[%clk
01:02:15]} {[%emt 00:00:23]} Kf7 {[%clk 00:51:35]} {[%emt 00:00:16]} 45. Qxc6
{[%clk 01:02:35]} {[%emt 00:00:11]} Ng7 {[%clk 00:51:50]} {[%emt 00:00:14]} 46.
Qd7+ {[%clk 01:02:44]} {[%emt 00:00:21]} Kf6 {[%clk 00:52:13]} {[%emt
00:00:08]} 47. c6 {[%clk 01:03:03]} {[%emt 00:00:10]} Nxf5 {[%clk 00:52:35]}
{[%emt 00:00:09]} 48. c7 {[%clk 01:03:17]} {[%emt 00:00:15]} Ne7 {[%clk
00:52:56]} {[%emt 00:00:09]} 49. Ne4+ {[%clk 01:03:32]} {[%emt 00:00:15]} Kg7
{[%clk 00:52:30]} {[%emt 00:00:57]} 50. Qxe7+ {[%clk 01:03:52]} {[%emt
00:00:09]} Kg6 {[%clk 00:52:45]} {[%emt 00:00:16]} 51. c8=Q {[%emt 00:00:12]}
Kh6 {[%emt 00:00:13]} 52. Qcf8+ {[%clk 01:03:20]} {[%emt 00:00:36]} Kg6 {[%clk
00:52:56]} {[%emt 00:00:20]} 53. Qeg7+ {[%clk 01:03:35]} {[%emt 00:00:14]} Kh5
{[%clk 00:53:19]} {[%emt 00:00:08]} 54. Qfh8# {[%clk 01:03:58]} {[%emt
00:00:07]} 1-0

[Event "DEM U14w 2021"]
[Site "Willingen GER"]
[Date "2021.08.27"]
[Round "7"]
[White "Pohle, Saskia"]
[Black "Peglau, Charis"]
[Result "1/2-1/2"]
[Termination "normal"]
[Board "1"]
[WhiteElo "1755"]
[BlackElo "1827"]
[WhiteClock "00:40:25"]
[BlackClock "00:31:38"]
[PlyCount "50"]
[WhiteFideId "16201604"]
[BlackFideId "16219996"]
[EventCountry "GER"]
[EventRounds "9"]
[EventType "swiss"]
[EventDate "2021.08.22"]

1. e4 {[%clk 01:30:58]} c6 {[%clk 01:30:54]} {[%emt 00:00:07]} 2. d4 {[%clk
01:31:23]} {[%emt 00:00:05]} d5 {[%clk 01:31:21]} {[%emt 00:00:04]} 3. Nc3
{[%clk 01:31:48]} {[%emt 00:00:05]} dxe4 {[%clk 01:31:46]} {[%emt 00:00:05]} 4.
Nxe4 {[%clk 01:32:13]} {[%emt 00:00:05]} Bf5 {[%clk 01:31:52]} {[%emt
00:00:23]} 5. Ng3 {[%clk 01:32:34]} {[%emt 00:00:09]} Bg6 {[%clk 01:32:18]}
{[%emt 00:00:04]} 6. Nf3 {[%clk 01:32:56]} {[%emt 00:00:08]} Nd7 {[%clk
01:32:40]} {[%emt 00:00:09]} 7. Bc4 {[%clk 01:32:14]} {[%emt 00:01:12]} Ngf6
{[%clk 01:31:39]} {[%emt 00:01:30]} 8. O-O {[%clk 01:32:31]} {[%emt 00:00:13]}
e6 {[%clk 01:31:30]} {[%emt 00:00:40]} 9. Re1 {[%clk 01:32:44]} {[%emt
00:00:16]} Be7 {[%clk 01:30:47]} {[%emt 00:01:13]} 10. c3 {[%clk 01:31:52]}
{[%emt 00:01:22]} O-O {[%clk 01:31:00]} {[%emt 00:00:17]} 11. Nh4 {[%clk
01:32:01]} {[%emt 00:00:21]} Nb6 {[%clk 01:26:33]} {[%emt 00:04:56]} 12. Bb3
{[%clk 01:30:42]} {[%emt 00:01:50]} Qc7 {[%clk 01:26:09]} {[%emt 00:00:55]} 13.
Nxg6 {[%clk 01:30:16]} {[%emt 00:00:56]} hxg6 {[%clk 01:26:33]} {[%emt
00:00:06]} 14. Qf3 {[%clk 01:30:00]} {[%emt 00:00:46]} Rfd8 {[%clk 01:18:13]}
{[%emt 00:08:50]} 15. Bg5 {[%clk 01:26:53]} {[%emt 00:03:37]} Nfd5 {[%clk
01:10:11]} {[%emt 00:08:33]} 16. Bxe7 {[%clk 01:22:57]} {[%emt 00:04:27]} Qxe7
{[%clk 01:09:30]} {[%emt 00:01:10]} 17. Rad1 {[%clk 01:21:55]} {[%emt
00:01:31]} Qf6 {[%clk 01:04:36]} {[%emt 00:05:24]} 18. Qe2 {[%clk 01:12:24]}
{[%emt 00:10:02]} Rac8 {[%clk 00:55:40]} {[%emt 00:09:26]} 19. Ne4 {[%clk
01:08:25]} {[%emt 00:04:29]} Qe7 {[%clk 00:55:37]} {[%emt 00:00:33]} 20. Nc5
{[%clk 01:05:33]} {[%emt 00:03:22]} Re8 {[%clk 00:53:11]} {[%emt 00:02:55]} 21.
Qf3 {[%clk 01:01:25]} {[%emt 00:04:39]} Qc7 {[%clk 00:50:58]} {[%emt 00:02:43]}
22. Nd3 {[%clk 00:54:56]} {[%emt 00:06:59]} Nd7 {[%clk 00:46:52]} {[%emt
00:04:36]} 23. Re2 {[%clk 00:51:00]} {[%emt 00:04:25]} Qd6 {[%clk 00:38:41]}
{[%emt 00:08:42]} 24. Red2 {[%clk 00:47:39]} {[%emt 00:03:51]} Qe7 {[%clk
00:35:26]} {[%emt 00:03:44]} 25. h3 {[%clk 00:40:25]} {[%emt 00:07:45]} Qf6
{[%clk 00:31:38]} {[%emt 00:04:18]} 1/2-1/2

[Event "DEM U14w 2021"]
[Site "Willingen GER"]
[Date "2021.08.27"]
[Round "7"]
[White "Hubert, Charlotte"]
[Black "Keymer, Cecilia"]
[Result "1-0"]
[Termination "normal"]
[Board "2"]
[WhiteElo "1545"]
[BlackElo "1612"]
[WhiteClock "00:28:20"]
[BlackClock "00:31:04"]
[PlyCount "113"]
[WhiteFideId "16265920"]
[BlackFideId "16233468"]
[EventCountry "GER"]
[EventRounds "9"]
[EventType "swiss"]
[EventDate "2021.08.22"]

1. e4 {[%clk 01:30:58]} e5 {[%clk 01:30:57]} {[%emt 00:00:05]} 2. Nf3 {[%clk
01:31:19]} {[%emt 00:00:08]} Nc6 {[%clk 01:31:23]} {[%emt 00:00:04]} 3. Bb5
{[%clk 01:31:40]} {[%emt 00:00:09]} a6 {[%clk 01:31:46]} {[%emt 00:00:08]} 4.
Ba4 {[%clk 01:32:05]} {[%emt 00:00:05]} Nf6 {[%clk 01:32:11]} {[%emt 00:00:05]}
5. O-O {[%clk 01:32:24]} {[%emt 00:00:10]} Be7 {[%clk 01:32:38]} {[%emt
00:00:02]} 6. Re1 {[%clk 01:32:42]} {[%emt 00:00:12]} b5 {[%clk 01:33:02]}
{[%emt 00:00:07]} 7. Bb3 {[%clk 01:33:05]} {[%emt 00:00:06]} d6 {[%clk
01:33:20]} {[%emt 00:00:13]} 8. a4 {[%clk 01:33:26]} {[%emt 00:00:09]} Bb7
{[%clk 01:33:22]} {[%emt 00:00:29]} 9. d3 {[%clk 01:33:41]} {[%emt 00:00:13]}
O-O {[%clk 01:33:24]} {[%emt 00:00:30]} 10. Nbd2 {[%clk 01:33:46]} {[%emt
00:00:23]} Na5 {[%clk 01:33:09]} {[%emt 00:00:46]} 11. Ba2 {[%clk 01:34:06]}
{[%emt 00:00:09]} c5 {[%clk 01:33:15]} {[%emt 00:00:25]} 12. Nf1 {[%clk
01:34:20]} {[%emt 00:00:15]} b4 {[%clk 01:32:44]} {[%emt 00:01:02]} 13. c3
{[%clk 01:34:41]} {[%emt 00:00:10]} bxc3 {[%clk 01:29:38]} {[%emt 00:03:35]}
14. bxc3 {[%clk 01:35:00]} {[%emt 00:00:10]} c4 {[%clk 01:27:38]} {[%emt
00:02:32]} 15. Ng3 {[%clk 01:31:52]} {[%emt 00:03:37]} Bc8 {[%clk 01:24:29]}
{[%emt 00:03:39]} 16. Ba3 {[%clk 01:15:50]} {[%emt 00:16:33]} Qc7 {[%clk
01:16:55]} {[%emt 00:08:04]} 17. d4 {[%clk 01:01:26]} {[%emt 00:14:54]} Re8
{[%clk 01:08:35]} {[%emt 00:08:49]} 18. d5 {[%clk 00:56:34]} {[%emt 00:05:22]}
Nd7 {[%clk 01:01:22]} {[%emt 00:07:45]} 19. Nd2 {[%clk 00:52:27]} {[%emt
00:04:35]} Nb6 {[%clk 00:48:53]} {[%emt 00:12:59]} 20. Bb4 {[%clk 00:49:45]}
{[%emt 00:03:12]} Nb3 {[%clk 00:47:17]} {[%emt 00:02:08]} 21. a5 {[%clk
00:38:21]} {[%emt 00:11:53]} Nd7 {[%clk 00:39:26]} {[%emt 00:08:21]} 22. Bxb3
{[%clk 00:35:49]} {[%emt 00:03:02]} cxb3 {[%clk 00:38:40]} {[%emt 00:01:16]}
23. Qxb3 {[%clk 00:33:18]} {[%emt 00:03:01]} Nc5 {[%clk 00:35:21]} {[%emt
00:03:49]} 24. Bxc5 {[%clk 00:25:57]} {[%emt 00:07:50]} Qxc5 {[%clk 00:34:58]}
{[%emt 00:00:52]} 25. Qa3 {[%clk 00:19:37]} {[%emt 00:06:51]} Qc7 {[%clk
00:33:18]} {[%emt 00:02:11]} 26. Reb1 {[%clk 00:17:23]} {[%emt 00:02:42]} Bd7
{[%clk 00:31:47]} {[%emt 00:02:02]} 27. Rb6 {[%clk 00:14:34]} {[%emt 00:03:19]}
Reb8 {[%clk 00:29:13]} {[%emt 00:03:04]} 28. Rab1 {[%clk 00:14:15]} {[%emt
00:00:49]} g6 {[%clk 00:22:07]} {[%emt 00:07:36]} 29. Qb4 {[%clk 00:11:14]}
{[%emt 00:03:32]} Rxb6 {[%clk 00:19:13]} {[%emt 00:03:24]} 30. axb6 {[%clk
00:11:38]} {[%emt 00:00:06]} Qb7 {[%clk 00:16:59]} {[%emt 00:02:45]} 31. Nb3
{[%clk 00:11:24]} {[%emt 00:00:43]} Rc8 {[%clk 00:13:28]} {[%emt 00:04:01]} 32.
Na5 {[%clk 00:10:44]} {[%emt 00:01:10]} Qb8 {[%clk 00:13:42]} {[%emt 00:00:16]}
33. Ne2 {[%clk 00:08:55]} {[%emt 00:02:18]} Rc5 {[%clk 00:12:10]} {[%emt
00:02:05]} 34. c4 {[%clk 00:08:31]} {[%emt 00:00:52]} Kg7 {[%clk 00:09:44]}
{[%emt 00:02:56]} 35. h3 {[%clk 00:08:16]} {[%emt 00:00:45]} Bd8 {[%clk
00:09:02]} {[%emt 00:01:12]} 36. Nc3 {[%clk 00:07:50]} {[%emt 00:00:56]} Be7
{[%clk 00:07:58]} {[%emt 00:01:34]} 37. Na4 {[%clk 00:07:27]} {[%emt 00:00:53]}
Rc8 {[%clk 00:07:25]} {[%emt 00:01:03]} 38. b7 {[%clk 00:06:12]} {[%emt
00:01:45]} Rf8 {[%clk 00:04:40]} {[%emt 00:03:16]} 39. Nb6 {[%clk 00:06:28]}
{[%emt 00:00:14]} Be8 {[%clk 00:04:11]} {[%emt 00:00:58]} 40. Nc8 {[%clk
00:06:21]} {[%emt 00:00:37]} Kf6 {[%clk 00:01:29]} {[%emt 00:03:12]} 41. Rb3
{[%clk 00:24:44]} {[%emt 00:12:06]} Bd8 {[%clk 00:27:39]} {[%emt 00:04:22]} 42.
Qxd6+ {[%clk 00:24:39]} {[%emt 00:00:33]} Qxd6 {[%clk 00:27:58]} {[%emt
00:00:12]} 43. Nxd6 {[%clk 00:25:02]} {[%emt 00:00:07]} Bc7 {[%clk 00:27:06]}
{[%emt 00:01:22]} 44. b8=Q {[%clk 00:25:14]} {[%emt 00:00:18]} Bxb8 {[%clk
00:27:25]} {[%emt 00:00:11]} 45. Rxb8 {[%clk 00:25:35]} {[%emt 00:00:07]} Ke7
{[%clk 00:27:47]} {[%emt 00:00:10]} 46. Rxe8+ {[%clk 00:25:54]} {[%emt
00:00:10]} Rxe8 {[%clk 00:28:11]} {[%emt 00:00:06]} 47. Nxe8 {[%clk 00:26:18]}
{[%emt 00:00:06]} Kxe8 {[%clk 00:28:36]} {[%emt 00:00:05]} 48. c5 {[%clk
00:26:42]} {[%emt 00:00:05]} Kd7 {[%clk 00:28:57]} {[%emt 00:00:11]} 49. Kf1
{[%clk 00:27:03]} {[%emt 00:00:08]} Kc7 {[%clk 00:29:03]} {[%emt 00:00:24]} 50.
Ke2 {[%clk 00:27:23]} {[%emt 00:00:10]} Kd7 {[%clk 00:29:09]} {[%emt 00:00:25]}
51. Kd3 {[%clk 00:27:41]} {[%emt 00:00:11]} Kc7 {[%clk 00:29:34]} {[%emt
00:00:05]} 52. Kc4 {[%clk 00:27:51]} {[%emt 00:00:19]} Kd7 {[%clk 00:29:48]}
{[%emt 00:00:18]} 53. Kb4 {[%clk 00:27:15]} {[%emt 00:01:05]} f5 {[%clk
00:30:10]} {[%emt 00:00:09]} 54. f3 {[%clk 00:27:31]} {[%emt 00:00:13]} f4
{[%clk 00:30:30]} {[%emt 00:00:10]} 55. c6+ {[%clk 00:27:41]} {[%emt 00:00:21]}
Kd6 {[%clk 00:30:51]} {[%emt 00:00:09]} 56. Nc4+ {[%clk 00:27:56]} {[%emt
00:00:14]} Kc7 {[%clk 00:31:04]} {[%emt 00:00:18]} 57. Kc5 {[%clk 00:28:20]}
{[%emt 00:00:05]} 1-0

[Event "DEM U14w 2021"]
[Site "Willingen GER"]
[Date "2021.08.27"]
[Round "7"]
[White "Bräutigam, Katerina"]
[Black "Trunz, Michelle"]
[Result "1/2-1/2"]
[Termination "normal"]
[Board "3"]
[WhiteElo "1738"]
[BlackElo "1714"]
[WhiteClock "00:02:32"]
[BlackClock "00:01:06"]
[PlyCount "150"]
[WhiteFideId "16242980"]
[BlackFideId "16227980"]
[EventCountry "GER"]
[EventRounds "9"]
[EventType "swiss"]
[EventDate "2021.08.22"]

1. e4 {[%clk 01:30:57]} {[%emt 00:00:02]} c5 {[%clk 01:30:51]} {[%emt
00:00:09]} 2. Nf3 {[%clk 01:31:23]} {[%emt 00:00:05]} d6 {[%clk 01:31:10]}
{[%emt 00:00:11]} 3. d4 {[%clk 01:31:49]} {[%emt 00:00:04]} cxd4 {[%clk
01:31:33]} {[%emt 00:00:07]} 4. Qxd4 {[%clk 01:32:13]} {[%emt 00:00:06]} a6
{[%clk 01:31:52]} {[%emt 00:00:12]} 5. c4 {[%clk 01:32:29]} {[%emt 00:00:12]}
Nc6 {[%clk 01:32:06]} {[%emt 00:00:17]} 6. Qe3 {[%clk 01:32:28]} {[%emt
00:00:29]} Nf6 {[%clk 01:30:47]} {[%emt 00:01:50]} 7. h3 {[%clk 01:31:56]} e6
{[%clk 01:30:16]} {[%emt 00:02:03]} 8. Be2 {[%clk 01:31:53]} Bd7 {[%clk
01:29:59]} {[%emt 00:01:20]} 9. O-O {[%clk 01:31:57]} Qc7 {[%clk 01:29:44]}
{[%emt 00:01:10]} 10. Nc3 {[%clk 01:29:06]} Be7 {[%clk 01:27:55]} {[%emt
00:05:41]} 11. Rd1 {[%clk 01:28:08]} O-O {[%clk 01:27:32]} {[%emt 00:02:20]}
12. b3 {[%clk 01:28:23]} Rac8 {[%clk 01:27:14]} {[%emt 00:01:04]} 13. Bb2
{[%clk 01:26:49]} Rfd8 {[%clk 01:27:01]} {[%emt 00:02:46]} 14. Rac1 {[%clk
01:26:26]} Qb8 {[%clk 01:27:16]} {[%emt 00:01:08]} 15. Na4 {[%clk 01:19:06]}
Qa7 {[%clk 01:16:41]} {[%emt 00:18:56]} 16. Nb6 {[%clk 01:05:02]} Rc7 {[%clk
01:13:51]} {[%emt 00:17:53]} 17. e5 {[%clk 00:41:04]} Ne8 {[%clk 01:10:02]}
{[%emt 00:28:48]} 18. Ba3 {[%clk 00:27:05]} Bc8 {[%clk 00:56:30]} {[%emt
00:28:31]} 19. Rd3 {[%clk 00:17:57]} Qb8 {[%clk 00:39:14]} {[%emt 00:27:24]}
20. Rcd1 {[%clk 00:06:26]} dxe5 {[%clk 00:31:04]} {[%emt 00:20:41]} 21. Bxe7
{[%clk 00:06:23]} Rxd3 {[%clk 00:31:07]} {[%emt 00:00:59]} 22. Qxd3 {[%clk
00:04:25]} Rxe7 {[%clk 00:28:46]} {[%emt 00:05:20]} 23. Nxe5 {[%clk 00:04:12]}
Qxe5 {[%clk 00:23:37]} {[%emt 00:06:21]} 24. Nxc8 {[%clk 00:04:24]} Rc7 {[%clk
00:23:34]} {[%emt 00:00:51]} 25. Nb6 {[%clk 00:04:43]} g6 {[%clk 00:18:21]}
{[%emt 00:05:55]} 26. Bf3 {[%clk 00:03:07]} Qc5 {[%clk 00:14:36]} {[%emt
00:06:20]} 27. Na4 {[%clk 00:00:48]} Qe7 {[%clk 00:13:54]} {[%emt 00:04:01]}
28. Nb6 {[%clk 00:01:02]} Kg7 {[%clk 00:11:15]} {[%emt 00:03:25]} 29. Qc3+
{[%clk 00:00:56]} Qf6 {[%clk 00:09:59]} {[%emt 00:02:22]} 30. Qxf6+ {[%clk
00:01:02]} Nxf6 {[%clk 00:09:55]} {[%emt 00:00:58]} 31. Rd6 {[%clk 00:00:55]}
Ne5 {[%clk 00:09:30]} {[%emt 00:01:31]} 32. Bd1 {[%clk 00:00:32]} Ne4 {[%clk
00:08:51]} {[%emt 00:02:02]} 33. Rd4 {[%clk 00:00:34]} Nc3 {[%clk 00:08:37]}
{[%emt 00:01:13]} 34. a3 {[%clk 00:00:37]} Rc6 {[%clk 00:04:49]} {[%emt
00:04:46]} 35. Nd7 {[%clk 00:00:45]} Nxd7 {[%clk 00:05:04]} {[%emt 00:00:36]}
36. Rxd7 {[%clk 00:01:08]} Nxd1 {[%clk 00:05:26]} {[%emt 00:00:17]} 37. Rxd1
{[%clk 00:01:31]} b5 {[%clk 00:04:30]} {[%emt 00:01:31]} 38. cxb5 {[%clk
00:00:43]} axb5 {[%clk 00:04:55]} {[%emt 00:01:24]} 39. Rd3 {[%clk 00:00:33]}
Rc1+ {[%clk 00:05:09]} {[%emt 00:00:55]} 40. Kh2 {[%clk 00:00:51]} Ra1 {[%clk
00:04:57]} {[%emt 00:00:54]} 41. b4 {[%clk 00:01:02]} Kf6 {[%clk 00:05:06]}
{[%emt 00:00:40]} 42. Rc3 {[%clk 00:13:53]} e5 {[%clk 00:30:50]} {[%emt
00:22:25]} 43. g4 {[%clk 00:09:58]} Ke6 {[%emt 00:07:25]} 44. Rc6+ Kd5 45. Rc5+
Kd4 {[%clk 00:28:21]} 46. Rxb5 {[%clk 00:09:23]} Rxa3 {[%clk 00:23:01]} {[%emt
00:09:09]} 47. Rb7 {[%clk 00:07:41]} f5 {[%clk 00:20:07]} {[%emt 00:05:22]} 48.
gxf5 {[%clk 00:04:23]} gxf5 {[%clk 00:20:17]} {[%emt 00:04:09]} 49. Rxh7 {[%clk
00:04:43]} Rb3 {[%clk 00:17:37]} {[%emt 00:03:20]} 50. Rb7 {[%clk 00:03:10]} f4
{[%clk 00:17:17]} {[%emt 00:02:53]} 51. b5 {[%clk 00:01:10]} Kd3 {[%clk
00:14:08]} {[%emt 00:06:08]} 52. b6 {[%clk 00:00:38]} Ke2 {[%clk 00:12:52]}
{[%emt 00:02:47]} 53. Kg1 {[%clk 00:00:32]} f3 {[%clk 00:10:26]} {[%emt
00:03:33]} 54. Re7 {[%clk 00:00:36]} Rb1+ {[%clk 00:10:19]} {[%emt 00:01:03]}
55. Kh2 {[%clk 00:00:59]} Kxf2 {[%clk 00:10:12]} {[%emt 00:00:45]} 56. b7
{[%clk 00:00:50]} e4 {[%clk 00:09:12]} {[%emt 00:02:08]} 57. Rxe4 {[%clk
00:00:47]} Rxb7 {[%clk 00:09:20]} {[%emt 00:00:55]} 58. Ra4 {[%clk 00:00:57]}
Rd7 {[%clk 00:06:59]} {[%emt 00:03:10]} 59. Ra3 {[%clk 00:00:35]} Ke2 {[%clk
00:06:58]} {[%emt 00:01:26]} 60. Ra6 {[%clk 00:00:33]} Rd3 {[%clk 00:05:47]}
{[%emt 00:02:11]} 61. Re6+ {[%clk 00:00:38]} Re3 {[%clk 00:05:15]} {[%emt
00:01:27]} 62. Rf6 {[%clk 00:00:34]} Ke1 {[%clk 00:03:48]} {[%emt 00:02:31]}
63. Kg1 {[%clk 00:00:36]} Ke2 {[%clk 00:03:01]} {[%emt 00:01:45]} 64. h4 {[%clk
00:00:34]} {[%emt 00:00:32]} Re4 {[%clk 00:03:05]} {[%emt 00:00:26]} 65. h5
{[%clk 00:00:37]} {[%emt 00:00:27]} Rg4+ {[%clk 00:03:11]} {[%emt 00:00:24]}
66. Kh2 {[%clk 00:00:50]} f2 {[%clk 00:01:55]} {[%emt 00:02:04]} 67. Kh3 {[%clk
00:00:33]} {[%emt 00:00:47]} Rg1 {[%clk 00:01:26]} {[%emt 00:00:58]} 68. Kh4
{[%clk 00:00:39]} {[%emt 00:00:25]} f1=Q {[%clk 00:01:31]} {[%emt 00:00:25]}
69. Rxf1 {[%clk 00:01:04]} {[%emt 00:00:05]} Rxf1 {[%clk 00:01:56]} {[%emt
00:00:05]} 70. h6 {[%clk 00:01:14]} {[%emt 00:00:20]} Ke3 {[%clk 00:01:39]}
{[%emt 00:00:47]} 71. Kg5 {[%emt 00:00:22]} Ke4 {[%clk 00:01:11]} {[%emt
00:00:48]} 72. h7 {[%clk 00:01:48]} {[%emt 00:00:13]} Rh1 {[%clk 00:00:58]}
{[%emt 00:00:44]} 73. Kg6 {[%clk 00:02:10]} {[%emt 00:00:09]} Ke5 {[%clk
00:00:49]} {[%emt 00:00:39]} 74. Kg7 {[%clk 00:02:26]} {[%emt 00:00:13]} Rg1+
{[%clk 00:01:06]} {[%emt 00:00:13]} 75. Kf7 {[%clk 00:02:32]} {[%emt 00:00:24]}
Ke4 {[%emt 00:00:28]} 1/2-1/2